000 00310nam a22001337a 4500
008 170905b xxu||||| |||| 00| 0 eng d
020 _a08944950223
041 _aeng
080 _a070
100 _a40
101 _aMED
245 _aHOW TO AND PUBLISH A SCIENTIFIC PAPER
_cDAY.R.A
942 _2udc
_cBK
999 _c26143
_d26143